00406nam a2200157Ia 4500003000400000005001700004008004100021020001500062040002900077050002300106100001700129245004200146260003800188300001000226650001200236OSt20230809152622.0221021s9999||||xx |||||||||||||| ||und|| a041506225X cChuka University Library aBF 1012b.D87 1992 aDurkheim, E. 0aProfessional ethics and civil morals/ aCanadabRoutledge publisherc1992 a228P. aEthics